000 01047nam a2200301 4500
001 2911566
005 20150512091108.0
007 000
008 000
010 _a 88031177
020 _a052132517X
020 _a0521310423 (pbk.)
040 _aUOEL
_cDLC
_dDLC
050 0 0 _aQA184
_b.H3 1989
082 0 0 _a512.5
_219
100 1 _aHamilton, A. G.,
_d1943-
245 1 0 _aLinear algebra :
_ban introduction with concurrent examples /
_cA.G. Hamilton.
260 _aCambridge ;
_aNew York :
_bCambridge University Press,
_c1989.
300 _aviii, 328 p. :
_bill. ;
_c24 cm.
500 _aIncludes index.
504 _aBibliography: p. [325]-326.
650 0 _aAlgebras, Linear.
_xMathematics
856 4 2 _3Publisher description
_uhttp://www.loc.gov/catdir/description/cam023/88031177.html
856 4 1 _3Table of contents
_uhttp://www.loc.gov/catdir/toc/cam027/88031177.html
906 _a7
_bcbc
_corignew
_d1
_eocip
_f19
_gy-gencatlg
942 _2lcc
_cLL
999 _c7183
_d7183